000 00590nam a2200205Ia 4500
003 GCL
008 140319s9999 xx 000 0 ara d
040 _aGCL /
_cGCL
082 0 4 _aط
_b372.7
_bل م
100 1 _aلجنة من الاخصائيين
245 1 0 _aمفاهيم الرياصيات الحديثة /
_cلجنة من الاخصائيين
260 _a[S.N] :
_bدار الجيل ،
_c1986
300 _a56 ص
490 _a
650 0 4 _aالاطفال
650 0 4 _aتعليم الاطفال
650 0 4 _aالرياضيات
650 0 4 _aتعليم
942 _2ddc
_cBK
999 _c56297
_d56297